Vyhláška Ústrednej rady odborov z 15. decembra 1965 o poskytovaní peňažných dávok v nemocenskom poistení číslo 143/1965 Zb. v znení doplňujúcich a pozmeňujúcich vyhlášok č. 113/1975 Zb. a č. 79/1982 Zb

Bibliographic Details
Format: Article
Language:Slovak
Subjects:

MARC

LEADER 00000nab a2200000 a 4500
001 vtls000128566
003 SK-MaSNL
005 20260303115956.0
008 111104c1982 xo 0 slo
015 |a SNBRB19rr/mm-uuuuu 
035 |a CL0138671 
040 |a SNKBUCL  |b slo  |c SNKBUCL  |e AACR2 
041 0 |a slo 
044 |a xo  |c SK 
080 |a 368  |2 1981 
245 0 0 |a Vyhláška Ústrednej rady odborov z 15. decembra 1965 o poskytovaní peňažných dávok v nemocenskom poistení číslo 143/1965 Zb. v znení doplňujúcich a pozmeňujúcich vyhlášok č. 113/1975 Zb. a č. 79/1982 Zb 
650 0 7 |a nemocenské poistenie  |2 snkbucl  |9 67734 
655 7 |a články z novín a časopisov  |2 snkbucl  |9 267496 
773 0 |t Národné poistenie  |g Roč. 14, č. 11 (1982), s. 1-14 
850 |a Slovenská národná knižnica v Martine  |a MTA001 
852 |a SNK  |b KIS3GCP 
958 |a RK 
992 |a RBX 
999 |c 1906813  |d 1908743